Previous Paper Of Punjab 15 Years/ (Record no. 211954)

MARC details
000 -LEADER
fixed length control field 00656nam a22002057a 4500
005 - DATE AND TIME OF LATEST TRANSACTION
control field 20250625154207.0
010 ## - LCCN (DPL NO)
LC control number ENG-145551
020 ## - INTERNATIONAL STANDARD BOOK NUMBER
Terms of availability 799.00
International Standard Book Number 9788194807179
035 ## - SYSTEM CONTROL NUMBER
System control number EN-129083
037 ## - SOURCE OF ACQUISITION
Source of stock number/acquisition DBAD
082 ## - DEWEY DECIMAL CLASSIFICATION NUMBER
Classification number 000
Edition number 1
100 ## - MAIN ENTRY--PERSONAL NAME
Personal name Jindal, Munish
245 ## - TITLE STATEMENT
Title Previous Paper Of Punjab 15 Years/
Statement of responsibility, etc by Munish Jindal
250 ## - EDITION STATEMENT
Edition statement 9
260 ## - PUBLICATION, DISTRIBUTION, ETC. (IMPRINT)
Place of publication, distribution, etc Mohali
Name of publisher, distributor, etc MM Writings Publishing House
Date of publication, distribution, etc 2024
270 ## - ADDRESS
City Mohali
Postal code 140308
Address SCO:9, Forst Floor, Sector-80
Electronic mail address mmwritings@live.com
Telephone number 9988611299
300 ## - PHYSICAL DESCRIPTION
Extent 1220p.
Dimensions 24cm(pb)
500 ## - GENERAL NOTE
General note A Comprehensive Book on General Knowledge of Punjab
942 ## - ADDED ENTRY ELEMENTS (KOHA)
Source of classification or shelving scheme Dewey Decimal Classification
Item type English Books
Call number suffix JIN
Classification part 000
Holdings
Withdrawn status Lost status Not for loan Collection code Home library Current library Date acquired Source of acquisition Cost, normal purchase price Full call number Barcode Copy number Cost, replacement price Koha item type
      Non-fiction Sarojini Nagar Sarojini Nagar 25/06/2025 Delivery of Books Act Division 799.00 JIN 000 EN-129083 1 799.00 English Books

© Delhi Public Library
Hit Counter
free hit counter